Statistics for ESPN Top 100 Basketball Recruits - 2007

Click here to take the quiz!

General Stats

  • This quiz has been taken 5 times
  • The average score is 27 of 100

Answer Stats

#PlayerCurrent Team / Status% Correct
1Kevin LoveMiami Heat
100%
18Blake GriffinFree Agent
60%
25DeAndre JordanDenver Nuggets
60%
31Gary JohnsonRetired
60%
41JaJuan JohnsonNew Basket Brindisi - Italy
60%
21James HardenLos Angeles Clippers
60%
50James JohnsonIndiana Pacers
60%
60Jeff JonesRetired
60%
94Mike WilliamsRetired
60%
62Ravern JohnsonRetired
60%
51Rick JacksonRetired
60%
47Chris AllenRetired
40%
5Derrick RoseMemphis Grizzlies
40%
42Durrell SummersMineros de Zacatecas - Mexico
40%
20E'Twaun MooreFree Agent
40%
85Garrett GreenRetired
40%
19Jai LucasDuke Blue Devils - (Associate Head Coach)
40%
100Jeff BrooksReyer Venezia - Italy
40%
40Jon DieblerButler Bulldogs - (Director of Recruiting)
40%
36Kalin LucasFree Agent
40%
38Manny HarrisAl Riyadi Club Beirut - Lebanon
40%
6Nolan SmithLouisville Cardinals - (Assistant Coach)
40%
84A.J. StewartRetired
20%
28Alex LegionRetired
20%
29Anthony RandolphRetired
20%
27Austin DayeFree Agent
20%
7Austin FreemanSan Carlos - Dominican Republic
20%
90Bill ColeRetired
20%
73Blake HoffarberRetired
20%
75Brandon McGeeRetired
20%
65Braxton DupreeRetired
20%
52Chace StanbackRetired
20%
44Chandler ParsonsRetired
20%
86Chris BarnesRetired
20%
69Chris WrightRetired
20%
26Chris WrightFree Agent
20%
57Clinton ChapmanRetired
20%
13Cole AldrichRetired
20%
66Corey ChandlerRetired
20%
11Corey FisherVichy-Clermont - France
20%
15Corey StokesRetired
20%
71Dallas LauderdaleRetired
20%
74Darnell DodsonRetired
20%
76Darnell GantRetired
20%
34Dar TuckerBeirut Club - Lebanon
20%
30DeJuan BlairRetired
20%
63Demetri McCameyRetired
20%
17Donté GreeneKiller 3's - BIG3
20%
58Dorenzo HudsonRetired
20%
89D'walyn RobertsRetired
20%
53Edwin RiosRetired
20%
2Eric GordonPhoenix Suns
20%
49Evan TurnerRetired
20%
22Gani LawalFree Agent
20%
95Gary ClarkRetired
20%
68George GoodeRetired
20%
32Herb PopeImprisoned
20%
88Jacob PullenNapoli Basket - Italy
20%
43Jamelle HorneRetired
20%
98Jamelle McMillanRetired
20%
24James AndersonManisa BB - Turkey
20%
37Jeff RobinsonRetired
20%
67Jeff TeaguePike High School Red Devils - (Head Coach)
20%
56Jeremy PriceRetired
20%
39Jerryd BaylessRetired
20%
14JJ HicksonRetired
20%
91Jon LeuerRetired
20%
23Jonny FlynnRetired
20%
87Justin KnoxUlsan Hyundai Mobis Phoebus - South Korea
20%
83Keaton NankivilRetired
20%
79Keegan BellRetired
20%
12Kosta KoufosFree Agent
20%
4Kyle SinglerRetired
20%
55LaceDarius DunnHapoel Afula - Israel
20%
93Lance StorrsRetired
20%
54Malcolm DelaneyFree Agent
20%
78Marcus SimmonsRetired
20%
59Martavious AdamsRetired
20%
64Maurice MillerRetired
20%
8Michael Beasley3's Company - BIG3
20%
81Michael SanchezRetired
20%
10Nick CalathesFenerbahçe S.K. - Turkey
20%
3O. J. MayoZamalek SC - Egypt
20%
82Omondi AmokeRetired
20%
9Patrick PattersonRetired
20%
96Quinton WatkinsRetired
20%
45Rakim SandersRetired
20%
46Rico PickettRetired
20%
72Robbie HummelRetired
20%
48Scoop JardineRetired
20%
61Scott MartinNotre Dame Fighting Irish - (Director of Basketball Operations)
20%
35Senario HillmanRetired
20%
33Solomon AlabiRetired
20%
80Steven GrayRetired
20%
92Talor BattleNorthwestern Wildcats - (Assistant Coach)
20%
16Taylor KingRetired
20%
70Trevor MbakweBelinde-St. Margaret's Red Knights - (Assistant Coach)
20%
77Tyrel ReedRetired
20%
99Tyrone ShelleyCero Cosso CC Coyotes - (Assistant Coach)
20%
97Zach GrahamMineros de Zacatecas - Mexico
20%

Score Distribution

Percentile by Number Answered

Percent of People with Each Score

Your Score History

You have not taken this quiz